000 00491nam a22001937a 4500
003 NUST - PNEC
005 20170116180819.0
008 150615b xxu||||| |||| 00| 0 eng d
020 _a-
040 _cLIBRARY
082 _a510 PRA
100 _93990
_aPrasad Chandrika
245 _aMathematics for engineering
_cChandrika prasad
250 _a1st ed
260 _aAllahbabad
_bPrasad mudranalaya
_cc1995.
300 _a392 p. :
650 _93996
_aMathematics
_xME
942 _2ddc
_cBK
999 _c63673
_d63673